Mạch nước trong Tiểu thuyết lịch sử

Đã lưu trong:
书目详细资料
主要作者: Vĩnh Quyền
格式: 图书
语言:Vietnamese
出版: H. Thanh niên 1986
主题:
标签: 添加标签
没有标签, 成为第一个标记此记录!
Thư viện lưu trữ: Mạng thư viện Đại học Đà Nẵng
LEADER 01013nam a22003258a 4500
001 000005393
003 1537
005 20120416140431.0
008 110816s1986 b 000 0 vieod
020 |c 7000đ  |d 10150b 
041 0 |a vie 
082 |a 895.9223  |b VI-Q 
084 |a V6 
100 1 |a Vĩnh Quyền 
245 1 0 |a Mạch nước trong  |b Tiểu thuyết lịch sử  |c Vĩnh Quyền 
260 |a H.  |b Thanh niên  |c 1986 
300 |a 263tr  |c 19cm 
653 |a Văn học hiện đại 
653 |a tiểu thuyết 
653 |a Việt Nam 
OWN |a LSP 
AVA |a UDN50  |b LSP  |d 895.9223 VI-Q  |e unavailable  |t Error 5002 Not defined in file expand_doc_bib_avail.  |f 1  |g 1  |h N  |i 0  |k 1 
999 |a From the UDN01 
AVA |a UDN50  |b LSP  |d 895.9223 VI-Q  |e unavailable  |t Error 5002 Not defined in file expand_doc_bib_avail.  |f 1  |g 1  |h N  |i 0  |k 1 
TYP |a Monograph 
TYP |a Printed language 
980 |a Mạng thư viện Đại học Đà Nẵng